000 00527nam a2200181Ia 4500
001 7822
005 20260306160523.0
008 260306t2014||||xx |||||||||||||| ||spa||
041 _aESP
082 _a362.4
_bR76
100 _aRodríguez Rodríguez, Pilar
_eAUT
245 0 _aModelo de atención integral y centrada en la persona:
_bteoría y práctica en ámbitos del envejecimiento y la discapacidad
260 _c2014
300 _a399 páginas :
_c24 cm.
650 _aGEN
654 _aCPS
942 _cLIB
_dJUS
_fJUS
_2ddc
_n
999 _c7822
_d7822